El fantasma de palacio / (Registro nro. 12088)

Detalles MARC
000 -LIDER
fixed length control field 00868nam a2200337 4500
001 - NÚMERO DE CONTROL
Identificador de número de control 044533
003 - IDENTIFICACDOR DE NÚMERO DE CONTROL
control field DO-SdBNP
005 - DATE AND TIME OF LATEST TRANSACTION
control field 20180213090707.0
007 - CAMPOS FIJOS DE DESCRIPCIÓN FÍSICA
fixed length control field 044533
008 - ELEMENTOS DE LONGITUD FIJA
fixed length control field 950627s 2007 sp | |||| ||spa
016 7# - NO. DE CONTROL DE LA AGENCIA BIB. NACIONAL
Record control number
Source BPMSU
017 ## - NÚMERO DE REGISTRO DE DERECHOS DE AUTOR
Copyright or legal deposit number
Assigning agency
020 ## - ISBN
International Standard Book Number 843481174X
035 ## - NÚMERO LOCAL
System control number
040 ## - FUENTE DE CATALOGACIÓN
Agencia que crea de manera original el registro BPMSU
Idioma de catalogación spa
Agencia que realiza la transcripción BPMSU
Convenciones de la despripción
041 1# - CÓDIGOS DE OBRAS TRADUCIDAS O EN VARIOS IDIOMAS
Código del idioma del texto/archivo de sonido o separata spa
Cód. del idioma original y/o traducciones intermedias del texto
080 #0 - NÚMERO DE CLASIFICACIÓN DECIMAL UNIVERSAL
Universal Decimal Classification number
100 1# - ASIENTO PRINCIPAL -- NOMBRE PERSONAL
Nombre personal Lobe, Mira
Fechas asociadas con el nombre 1913-
240 14 - TITULO UNIFORME
Título uniforme Das Schlosgespenst
Idioma de una obra
245 13 - MENCIÓN DE TITULO
Título El fantasma de palacio /
Mención de responsabilidad Mira Lobe ; ilustraciones Susi Weigel
Medio (Designación general de material)
250 ## - MENCIÓN DE EDICION
Mención de edición 40ª ed.
260 ## - PUBLICACIÓN, DISTRIBUCIÓN, ETC. (PIE DE IMPRENTA)
Lugar de publicación, distribución, etc Madrid :
Nombre del editor, distribuidor, etc. SM,
Fecha de publicación, distribución, etc 2007
300 ## - DESCRIPCIÓN FÍSICA
Extensión 75 p. ;
Otros detalles físicos il.:
Dimensiones 19 cm.
490 1# - MENCIÓN DE SERIES
Mención de serie El barco de vapor.
700 1# - ASIENTO SECUNDARIO -- NOMBRE PERSONAL
Nombre personal Weigel, Susi
Mención de responsabilidad il.
700 1# - ASIENTO SECUNDARIO -- NOMBRE PERSONAL
Nombre personal
830 #3 - ASIENTO SECUNDARIO DE SERIE--TÍTULO UNIFORME
Título uniforme El barco de vapor.
Nombre de la parte o sección de una obra
Volume number/sequential designation 5
942 ## - ADDED ENTRY ELEMENTS (KOHA)
Source of classification or shelving scheme Dewey Decimal Classification
Koha item type Libros
945 ## - INFORMACIÓN DE PROCESAMIENTO LOCAL
Información de procesamiento local Inventariado, 2018 / BT
956 ## - LOCAL ELECTRONIC LOCATION AND ACCESS (OCLC)
Nombre de host dgarcia
Método de acceso 10
Materiales especificados 20160412
Enlace BPMSU
Campo enlazado y núm. de secuencia 0069
Existencias
Withdrawn status Lost status Source of classification or shelving scheme Damaged status Not for loan Collection code Home library Current library Date acquired Source of acquisition Total Checkouts Barcode Date last seen Price effective from Koha item type
    Dewey Decimal Classification     Colección Infantil General Biblioteca Pública Metropolitana Salomé Ureña Biblioteca Pública Metropolitana Salomé Ureña 11/24/2016 FUNDI   BPMSU16111538 11/24/2016 11/24/2016 Libros